000 00216nam a2200097Ia 4500
008 170619s9999 xx 000 0 und d
100 _aPUNMIA- B C
245 0 _aSURVEYING
260 _bNew Delhi : Luxmi Pub
260 _c2005
546 _aENGLISH
999 _c18457
_d18457